000 00714nam a2200241Ia 4500
008 180523s9999 xx 000 0 und d
020 _a981-207-151-2
050 _aMAIN PE 1128
050 _b.N36 2008
100 _aNandy, Milon.
245 0 _aPractical guide to mastery of English :
245 0 _bwith excercises and answers /
245 0 _cMilon Nandy.
250 _a2nd Edition Revised & Updated
260 _aSingapore :
260 _bComposite Study Aid,
260 _c2008
300 _a332 pages :
300 _c22 cm.
650 _aEnglish language -- Grammar.
650 _aEnglish language -- Study and teaching.
650 _xEnglish language -- Grammar -- Problems, exercises, etc.
999 _c357362
_d357362